| 000 | 00690nam a2200265Ia 4500 | ||
|---|---|---|---|
| 001 | Para_5773 | ||
| 003 | CHAP | ||
| 008 | 220125s1980 xx 000 0 und d | ||
| 010 | _a204268 | ||
| 040 | _cCHAP | ||
| 082 | _aPA 519.5 C88y | ||
| 100 |
_aCocbran, William G. _9170221 |
||
| 245 |
_aTécnicas de muestreo / _c por William G. Cochran |
||
| 260 |
_aMéxico : _b CECSA |
||
| 300 | _a513 p. | ||
| 650 |
_aEstadística matemática _938261 |
||
| 650 |
_aMuestreo estadístico _979288 |
||
| 901 | _aPA 519.5 C88Y | ||
| 902 | _aA | ||
| 905 | _a0000001980 a 0000000000 00 | ||
| 910 | _a1980 | ||
| 942 | _cPARA | ||
| 942 |
_cPARA _d1 |
||
| 999 |
_c204268 _d204268 |
||